000 00362nam a22001577a 4500
005 20250509081140.0
008 250509b |||||||| |||| 00| 0 eng d
020 _a9788184933864
082 _222
_a894
_bKOT
100 _aJeyamohan
245 _aKotpadu
260 _aChennai
_bKizhakkuy Pathippagam
_c2009
300 _a144 p .,
650 _aNovel
942 _cL
999 _c6045
_d6045